00907 a2200169 45000010006000000050017000060080041000230030015000640400040000790800058001192450042001772640032002193000019002515050430002700410008007001000029007085777820260407155838.0260407a1974 arg spa dAR-UNSa-BCEJYS aAR-UNSa-BCEJYSbspacAR-UNSa-BCEJYS a347.453xAlquiler. Arrendamiento (Locaciones urbanas)10aLa locación urbana en la Ley 20.625 1aBuenos Aires :bEDIARc1974 a341 p.c23 cm. a1. Ámbito de aplicación y exclusiones – 2. Régimen de precios – 3. Continuadores de la locación – 4. Desalojo por falta de pago – 5. Disposiciones procesales – 6. Opción de compra – 7. Del seguro obligatorio de garantía – 8. Disposiciones transitorias – 9. Alcance de aplicación – 10. Competencia de aplicación administrativa – 11. Vigencia – 12. Facultades de interpretación judicial  aspa1 aClavell Borrás, Javier